Todos no sofá (Registo nº 1234)

Detalhes MARC
000 -Etiqueta do registo
Cabeçalho 00733nam a2200265 4500
005 - Identificador da versão
Campo de controlo 20240813121830.0
010 ## - Número internacional normalizado dos livros (ISBN)
ISBN errado 978-24-1170-5
021 ## - Número do Depósito Legal
Código do país PT
Número 172033/01
100 ## - Dados gerais de processamento
Dados gerais de processamento 20050701d2001 c y0pory5003 ba
102 ## - Pais de publicação ou produção
País de publicação Portugal
101 0# - Língua de publicação
Língua do texto, banda sonora, etc. Português
106 ## - Campo de dados codificados: material textual
Dados codificados do material textual r
105 ## - Campo de dados codificados: livros
Dados codificados dos livros a z 000yy
215 ## - Descrição física 
Indicação específica da natureza do documento e extensão da espécie [28] p.
Outras indicações físicas il.
Dimensões 24 cm
200 1# - Titulo e menção de responsabilidade
Título próprio Todos no sofá
Primeira menção de responsabilidade Luísa Ducla Soares
Outras menções de responsabilidade il. Pedro Leitão
210 ## - Publicação, Distribuição, etc. 
Lugar da edição, distribuição, etc. [Lisboa]
Nome do editor, distribuidor, etc. Horizonte
Data da publicação, distribuição, etc. 2001
675 ## - Classificação Decimal Universal (CDU)
Notação 087.5
Edição BN
Língua da edição por
Notação 821.134.3-93"19"
Edição BN
Língua da edição por
Notação 821.134.3-7"19"
Edição BN
Língua da edição por
702 #1 - Nome de autor-pessoa física (responsabilidade secundária)
Número de registo de entrada de autoridade 0001726
Palavra de ordem Leitão
Outra parte do nome não tomada para palavra de ordem Pedro
Datas 1965-
Código de função Ilustrador / Técnico de desenho computorizado
700 #1 - Nome de autor-pessoa física (responsabilidade principal)
Número de registo de entrada de autoridade 0000897
Palavra de ordem Soares
Outra parte do nome não tomada para palavra de ordem Luísa Ducla
Datas 1939-
942 ## - Elementos de entrada adicionados (Koha)
Tipo de item no Koha Livro
Exemplares
Situação do levantamento Origin of item (home branch) (coded) Biblioteca de empréstimo Código de barras Cota Circulation type (not for loan) Tipo de documento Nota do exemplar Damaged status
  Biblioteca Escolar Eng. Nuno Mergulhão Biblioteca Escolar Eng. Nuno Mergulhão BENM2520 8POR SOA   Livro Sem mensagem